000 00313nam a2200133Ia 4500
100 _aHeine/ Loper/Rosenthal/ Rosenthal/P.C
942 _cBK
654 _aCasting
245 _aPrinciples of Metal Casting
260 _bTata Mc Graw hill
_aNewDelhi
_c1976
082 _a671.2
300 _a736
546 _aENGLISH
999 _c25279
_d25279